00847nab a2200241 uc450000100070000000500170000700800410002403500110006503500210007604000130009704100080011010000370011824500990015565000400025465000360029465000300033065000250036065000300038570000360041577301250045194200100057699900190058649464120240822093619.0990817nuuuuuuuu spa  a494641 a(OCoLC)819803690 ccomduadb aspa10aDublin, Thomas4auteaut929705810aGenero y decadencia economica : la region de las minas de Antracita de Pennsylvania, 1920-1970 aPensilvania (Estados Unidos)957460 7aCrisis económica2lemb940998 aMujeres (Género)952393 7aHombres2lemb925763 aMinas de Antracita93720710aLicht, Walter4auteaut93241510 tHistoria, Antropología y Fuentes Orales (Barcelona)gNúmero 17, Enero-Junio 1997, p. 59-72w132470x1136-1700066028 cARIMP c123737d123737